TWICE - Paroles THIS IS FOR - Statistiques

Statistiques générales
  • Ce quiz a été pris 98 fois
    95 depuis la dernière actualisation
  • Le résultat moyen est 323 sur 439
Statistiques - réponses
Hint Réponse % Correct
Intro (Ha
100%
ha
100%
ha)
100%
hoo,
100%
Couplet 1 I
100%
my
100%
My
100%
uh,
100%
uh)
100%
(Uh,
100%
woah)
100%
(Woo)
100%
(Woo
100%
all
98%
(All
98%
Outro All
98%
for
98%
is
98%
ladies
98%
ladies)
98%
(Ladies
98%
(Ladies)
98%
Couplet 2 Thi
98%
thi
98%
Refrain This
98%
this
98%
(This
98%
Who
97%
you
97%
(You
97%
You
97%
don't
95%
get
95%
get)
95%
enough
92%
enough,
92%
If
92%
be
90%
it
90%
it)
90%
hyped
87%
so
87%
So
87%
turn
87%
(Turn
87%
(turn
87%
(Oh)
85%
oh,
85%
oh
85%
Oh,
85%
(Oh,
85%
(Ooh)
85%
up
85%
up,
85%
your
85%
the
83%
song,
82%
song
82%
wrong
82%
wrong)
82%
been
80%
done
80%
when
80%
go
78%
go,
78%
me,
77%
me
77%
on
75%
on,
75%
to
75%
wanna
75%
from
73%
girls
73%
that
70%
where
70%
you've
68%
and
67%
are
67%
let
67%
as
65%
baddest
65%
know
65%
Then
65%
beep,
63%
beep)
63%
(Beep,
63%
Pré-refrain (Beep,
63%
sweet
63%
time
62%
what
62%
what)
62%
good
60%
(good
60%
It's
60%
it's
60%
mother
60%
tongue
60%
let's
58%
Let's
58%
looking
58%
made
58%
nature
58%
door,
57%
I'm
57%
like
57%
low
57%
One
57%
(Key,
55%
maybe
55%
out,
55%
outside
55%
planet,
55%
should
55%
another
53%
feeling
53%
got
53%
night
53%
Something
53%
about
52%
day
52%
fun
52%
that's
52%
around
50%
'Cause
50%
confetti,
50%
(Hey,
50%
hip
50%
How
50%
tell
50%
water
50%
Have
48%
Might
48%
(No
48%
sweat
47%
sweat)
47%
tastes
47%
(Yeah,
47%
yeah)
47%
Yeah,
47%
(Yeah)
47%
you're
47%
already
45%
boy
45%
bye,
45%
bye
45%
Come
45%
die
45%
'em
45%
grown,
45%
tonight
45%
Forget
43%
into
43%
rain
43%
They
43%
with
43%
down
42%
(Down)
42%
inside
42%
light
42%
satellite
42%
keys,
40%
keys)
40%
moment,
40%
now
40%
(now)
40%
(Now)
40%
now)
40%
or
40%
make
38%
ride
38%
shows
38%
spin
38%
always
37%
dip
35%
flowers
35%
give
35%
I'll
35%
of
35%
end
33%
'til
33%
(Step
3%
Aucun quiz correspondant
Distribution des résultats
% des personnes avec chaque résultat
Percentile par nombre de réponses
Votre historique - résultats
Vous n’avez pas pris ce quiz depuis la dernière actualisation